| 000 | 01003nam a2200217 a 4500 | ||
|---|---|---|---|
| 001 | 000020097 | ||
| 003 | AM-YEHGA | ||
| 005 | 20250618070817.0 | ||
| 008 | 980217s1981 ai |||||||||||||||||arm|d | ||
| 040 | _aAM-YeHGA | ||
| 041 | 0 | _aarm | |
| 100 | 1 |
_aՓափազյան, Վրթանես Մեսրոպի, _d1866-1920 _91606 |
|
| 245 | 1 | 0 |
_aԵրկեր / _cՎրթ. Փափազյան. |
| 260 |
_aԵրևան : _bԼույս, _c1981. |
||
| 300 |
_a280 էջ ; _c21 սմ. |
||
| 440 | 0 |
_aԴպրոցական գրադարան _95151 |
|
| 505 | 0 | _aԱրտը; Ծովի վրա; Չռչռ քար; Երկրի ձայնը; Հայ բոշաների վրաններում; Կըշլան; Հողի աշխատավորը; Ստարշինա; Սերմնացանը; Ձորագլխին; Լուր-դա- լուր; Վիշապ; Ըմբոստի մահը; Առվակը; Թռչող խոզը; Կորսված արդարություն; Առյուծի մահը; Ժայռը | |
| 650 | 1 | 4 | _aՀայ գրականություն |
| 942 | _cBK | ||
| 090 | _c7191 | ||
| 999 |
_c7135 _d7135 |
||